| 000 | 00814nam a2200253 i 4500 | ||
|---|---|---|---|
| 001 | 146537 | ||
| 003 | ES-MaACL | ||
| 005 | 20250828090945.0 | ||
| 007 | t| | ||
| 008 | 070910s1964 sp ||||1| spa d | ||
| 080 | _a087.5:241.536 | ||
| 100 | 1 |
_aTóth, Tihamér. _9111109 |
|
| 245 | 1 | 0 |
_aEnergía y pureza / _cMons. Tihamér Tóth ; [traducido del húngaro por A. Sancho Nebot]. |
| 250 | _a21ª ed. | ||
| 260 |
_aMadrid : _bSociedad de Educación Atenas, _c1964. |
||
| 300 |
_a326 p. ; _c18 cm. |
||
| 490 | 1 | _aColección jóvenes | |
| 650 | 4 |
_aCastidad- _vLibros infantiles. _910820 |
|
| 700 | 1 |
_aSancho Nebot, Antonio, _d1884-1961 _9103048 |
|
| 710 | 2 |
_aSociedad de Educación Atenas _96665 |
|
| 830 | 1 |
_aColección jóvenes _9187423 |
|
| 852 |
_aES-MaACL _jC-31724 |
||
| 999 |
_c146537 _d146537 |
||